[Event "Lillafured"]
[Site "Lillafured"]
[Date "1989.??.??"]
[Round "?"]
[White "Rajkovic, Dusan"]
[Black "Lukacs, Peter"]
[Result "1/2-1/2"]
[WhiteElo "2500"]
[BlackElo "2465"]

1.d4 d5 2.c4 c6 3.Nf3 Nf6 4.Nc3 dxc4 5.a4 Bf5 6.e3 e6 7.Bxc4 Bb4 8.O-O O-O
9.Qe2 Nbd7 10.b3 Bg6 11.Rd1 Re8 12.Bd3 Bxd3 13.Rxd3  1/2-1/2

[Event "London NWYM"]
[Site "London"]
[Date "1989.??.??"]
[Round "?"]
[White "Levitt, Jonathan"]
[Black "Barua, Dibyendu"]
[Result "1/2-1/2"]
[WhiteElo "2495"]
[BlackElo "2480"]

1.d4 d5 2.Nf3 Nf6 3.c4 dxc4 4.Nc3 c6 5.a4 Bf5 6.e3 e6 7.Bxc4 Bb4 8.O-O O-O
9.Nh4 Nbd7 10.Nxf5 exf5 11.f3 Nb6 12.Bb3 Qd7 13.a5 Nbd5 14.Qd3 Rad8 15.Ra4 Be7
16.Rd1 b5 17.axb6 axb6 18.e4 Nb4 19.Qe2 b5 20.Ra1 Rfe8 21.Bf4 fxe4 22.fxe4 Ra8
23.Rac1 Bf8 24.Kh1 Qg4 25.Qf3 Qxf3 26.gxf3 Nd7 27.Be3 Nb6 28.Ne2 N6d5 29.Bf2 g6
30.Be1 Bh6 31.Ra1 Rxa1 32.Rxa1 Nd3 33.Bg3 N5f4 34.Nxf4 Bxf4 35.Ra7 Rf8 36.Bxf4 Nxf4
37.Rc7 Ne2 38.Rd7 Nc1 39.Bc2 Ra8 40.Rc7 Ne2 41.Bb3 Nxd4 42.Bxf7+ Kg7 43.Kg2 Rf8
44.Be8+ Kh6 45.Bf7  1/2-1/2

[Event "Lugano op"]
[Site "Lugano"]
[Date "1989.??.??"]
[Round "4"]
[White "Birnboim, Nathan"]
[Black "Chernin, Alexander"]
[Result "0-1"]
[WhiteElo "2390"]
[BlackElo "2580"]

1.d4 d5 2.c4 c6 3.Nf3 Nf6 4.Nc3 dxc4 5.a4 Bf5 6.Ne5 e6 7.f3 Bb4 8.e4 Bxe4
9.fxe4 Nxe4 10.Bd2 Qxd4 11.Nxe4 Qxe4+ 12.Qe2 Bxd2+ 13.Kxd2 Qd5+ 14.Kc2 Na6
15.Nxc4 O-O 16.Qe5 Rfd8 17.Be2 f6 18.Qe3 Qf5+ 19.Kc3 Nc7 20.Qg3 Nd5+ 21.Kb3 Nf4
22.Ne3 Qe4 23.Ng4 Qxe2 24.Qxf4 Qd3+  0-1

[Event "Lugano op"]
[Site "Lugano"]
[Date "1989.??.??"]
[Round "6"]
[White "Roeschlau, Bernd"]
[Black "Bosbach, Gerhard"]
[Result "0-1"]
[WhiteElo "2310"]
[BlackElo "2250"]

1.d4 d5 2.Nf3 Nf6 3.c4 dxc4 4.Nc3 c6 5.a4 Bf5 6.Nh4 Bg6 7.g3 e6 8.Bg2 Bb4
9.O-O Nbd7 10.Nxg6 hxg6 11.Qc2 Qa5 12.h4 Rd8 13.Bg5 Be7 14.e4 e5 15.Ne2 Qa6
16.a5 exd4 17.Nxd4 Ne5 18.Nf3 Nd3 19.Nd2 c3 20.Qxc3 O-O 21.Nc4 Bb4 22.Qc2 Qb5
23.Qb3 Nc5 24.Qa2 Rd4 25.Ne5 Ncxe4 26.Nxg6 Re8 27.Be3 Rdd8 28.Bxa7 Nd5 29.Bb6 Rd6
30.Nf4 Nxf4 31.gxf4 Nd2 32.Rfd1 Rg6 33.Be3 Nf3+ 34.Kh1 Qh5  0-1

[Event "Lugano op"]
[Site "Lugano"]
[Date "1989.??.??"]
[Round "7"]
[White "Gavrikov, Viktor"]
[Black "Tukmakov, Vladimir B"]
[Result "1/2-1/2"]
[WhiteElo "2535"]
[BlackElo "2590"]

1.Nf3 d5 2.d4 Nf6 3.c4 c6 4.Nc3 dxc4 5.a4 Bf5 6.e3 e6 7.Bxc4 Bb4 8.O-O Nbd7
9.Nh4 Bg6 10.Qb3 Qb6 11.f3 O-O 12.Kh1 e5 13.dxe5 Nxe5 14.e4 Nxc4 15.Qxc4 Nd7
16.Bf4  1/2-1/2

[Event "Lugano op"]
[Site "Lugano"]
[Date "1989.??.??"]
[Round "8"]
[White "Tukmakov, Vladimir B"]
[Black "Huebner, Robert"]
[Result "1/2-1/2"]
[WhiteElo "2590"]
[BlackElo "2600"]

1.d4 d5 2.c4 dxc4 3.Nf3 Nf6 4.Nc3 c6 5.a4 Bf5 6.e3 e6 7.Bxc4 Bb4 8.O-O Nbd7
9.Nh4 Bg6 10.Qb3 Qb6 11.f3 a5 12.Rd1 Be7 13.Nxg6 hxg6 14.Qxb6 Nxb6 15.Bf1 Nfd5
16.Bd2 Bg5 17.Nxd5  1/2-1/2

[Event "Mendrisio op"]
[Site "Mendrisio"]
[Date "1989.??.??"]
[Round "7"]
[White "Muir, Andrew J"]
[Black "Weinzettl, Ernst"]
[Result "1-0"]
[WhiteElo "2250"]
[BlackElo "2270"]

1.d4 d5 2.c4 c6 3.Nf3 Nf6 4.Nc3 dxc4 5.a4 Bf5 6.e3 e6 7.Bxc4 Bb4 8.O-O a5
9.Nh4 Bg4 10.f3 Bh5 11.g4 Nd5 12.Qe1 Bg6 13.Nxg6 hxg6 14.Bd2 Nd7 15.e4 N5b6
16.Bb3 Bd6 17.Rf2 e5 18.d5 Nc5 19.Bc2 Nc4 20.Bc1 Qe7 21.b3 Nb6 22.Be3 Nbd7
23.Rd1 Bc7 24.Rfd2 Qh4 25.Qxh4 Rxh4 26.Nb1 f6 27.Na3 O-O-O 28.d6 Bb6 29.Nc4 Ba7
30.Nxa5 Nxb3 31.Bxa7 Nxa5 32.Bd3 Rh3 33.Rf2 Nb3 34.Bf1 Rh5 35.Rc2 Rf8 36.Bc4 Nd4
37.Bxd4 exd4 38.Be6 Kd8 39.Bxd7 Kxd7 40.Rxd4 Ra8 41.Rb2 Ra7 42.Rdb4 Kxd6
43.Rxb7 Rxa4 44.Rxg7 g5 45.Rc2 Rh8 46.Rf7 Rh6 47.Rf8 Kc7 48.Kg2 Rd4 49.Re8 Kd7
50.Ra8 Kc7 51.Ra5 Kb6 52.Rf5 Rg6 53.Kg3 Rd1 54.e5 fxe5 55.Rxe5 Rg1+ 56.Kf2 Rh1
57.Kg2 Rb1 58.h3 Rb5 59.Rxb5+ cxb5 60.Kg3 Rf6 61.Re2 b4 62.Re5 Kc7 63.Re3 Rb6
64.Rb3 Kd6 65.h4 gxh4+ 66.Kxh4 Ke5 67.Kg5 Ke6 68.Kf4 Kf6 69.Ke4 Kg5 70.Kd4 Rf6
71.Kc5 Rf4 72.Re3 Kg6 73.Kb5 Kg5 74.Ka4 Kg6 75.Kb3 Kg5 76.Kc2 Kg6 77.Kd3 Kg5
78.Ke2 Rc4 79.Re5+ Kg6 80.Rb5 Rf4 81.Kf2 Rc4 82.Kg3 Rd4 83.Rb6+ Kg7 84.f4 Rc4
85.f5 Rc3+ 86.Kf4 b3 87.Rb7+ Kg8 88.Kg5 Rg3 89.Kh5  1-0

[Event "SVK-ch"]
[Site "Michalovce"]
[Date "1989.??.??"]
[Round "8"]
[White "Brestak, Jan"]
[Black "Kolesar, Milan"]
[Result "0-1"]
[WhiteElo "2300"]
[BlackElo "2355"]

1.Nf3 Nf6 2.c4 c6 3.Nc3 d5 4.d4 dxc4 5.a4 Bf5 6.e3 e6 7.Bxc4 Bb4 8.O-O Nbd7
9.Nh4 Bg6 10.Qe1 O-O 11.f3 c5 12.Nxg6 hxg6 13.dxc5 Nxc5 14.Qe2 Bxc3 15.bxc3 Qc7
16.Bd2 Rac8 17.Rfb1 Rfd8 18.Ba2 Qd7 19.Be1 Nxa4 20.Rd1 Qc6 21.Rxd8+ Rxd8
22.Qc4 Nc5 23.Bb1 Rd1 24.Qe2 Qd7 25.Kf1 Nb3 26.Bc2 Nd2+ 27.Kf2 Rxa1 28.Bxd2 Ra2
29.Qd1 Nd5 30.Qb1 Nb4  0-1

[Event "SVK-ch"]
[Site "Michalovce"]
[Date "1989.??.??"]
[Round "12"]
[White "Certek, Pavel"]
[Black "Kolesar, Milan"]
[Result "1-0"]
[WhiteElo "2330"]
[BlackElo "2355"]

1.d4 d5 2.c4 c6 3.Nf3 Nf6 4.Nc3 dxc4 5.a4 Bf5 6.Nh4 Bc8 7.e3 e5 8.Bxc4 exd4
9.exd4 Be7 10.O-O O-O 11.Nf3 Bg4 12.Be3 Nbd7 13.a5 Bb4 14.a6 b6 15.h3 Bh5
16.g4 Bg6 17.Ne5 Rc8 18.Qb3 c5 19.Nb5 cxd4 20.Bxd4 Bc5 21.Rad1 Bxd4 22.Rxd4 Qe7
23.Nxd7 Nxd7 24.Nxa7 Rc5 25.Nb5 Ne5 26.Qe3 Re8 27.Rfd1 h5 28.Nd6 Nxc4 29.Qxe7 Rxe7
30.Rxc4 Ra5 31.Nc8 Re2 32.a7 Rxb2 33.Rc7 Raa2 34.Nxb6 Rxb6 35.Rc8+ Kh7 36.a8=Q Rxa8
37.Rxa8 hxg4 38.hxg4 Rb4 39.f3 Rb2 40.Rf1 f6 41.Rf2 Rb1+ 42.Kg2 Bd3 43.Rd8 Bc4
44.Kg3 Kh6 45.Rc2 Bb3 46.Rh2+ Kg6 47.Rb8 Ba2 48.Rxb1 Bxb1 49.Rb2 Bd3 50.Rd2 Bc4
51.Rd7 Be6 52.Re7 Bd5 53.f4 Kh6 54.Rd7 Bb3 55.Rc7 Ba2 56.Rc6 Kg6 57.f5+ Kg5
58.Rc7 Kh6 59.Rc2 Bf7 60.Rh2+ Kg5 61.Rh7  1-0

[Event "Montpellier-A"]
[Site "Montpellier"]
[Date "1989.??.??"]
[Round "?"]
[White "Vaisman, Volodia"]
[Black "Skembris, Spyridon"]
[Result "1-0"]
[WhiteElo "2370"]
[BlackElo "2420"]

1.Nf3 d5 2.d4 Nf6 3.c4 c6 4.Nc3 dxc4 5.a4 Bf5 6.e3 e6 7.Bxc4 Bb4 8.O-O Nbd7
9.Qe2 Bg6 10.Rd1 Qc7 11.Bd2 a5 12.Rac1 O-O 13.Be1 Qb8 14.Nh4 Bd6 15.Nxg6 hxg6
16.f4 Nb6 17.Bb3 Rd8 18.g3 Rd7 19.e4 Bb4 20.Bf2 Nc8 21.Qf3 Ne7 22.Na2 b5
23.Nxb4 axb4 24.axb5 Qxb5 25.Rc5 Qb7 26.g4 Ne8 27.h4 Nc7 28.h5 Nb5 29.hxg6 Nxg6
30.f5 Nf8 31.f6 Rad8 32.Rg5 g6 33.Qh3 Nd6 34.Kg2  1-0

[Event "Montpellier-A"]
[Site "Montpellier"]
[Date "1989.??.??"]
[Round "?"]
[White "Levacic, Damir"]
[Black "Vaisman, Volodia"]
[Result "1/2-1/2"]
[WhiteElo "2340"]
[BlackElo "2370"]

1.d4 d5 2.c4 c6 3.Nf3 Nf6 4.Nc3 dxc4 5.a4 Bf5 6.e3 e6 7.Bxc4 Bb4 8.O-O Nbd7
9.Qe2 Bg6 10.e4 O-O 11.Bd3 Bh5 12.e5 Nd5 13.Bd2 Be7 14.Nxd5 cxd5 15.b4 a6
16.Rfc1 Bg6 17.a5 Nb8 18.b5 Qd7 19.Rab1 Rc8 20.Rxc8+ Qxc8 21.Rc1 Qd7 22.bxa6 Nxa6
23.Rb1 Bxd3 24.Qxd3 Rc8 25.Qb3 Rc7 26.h3 h6 27.g4 Qc6 28.Rc1 Qd7 29.Rb1 Qc6
30.Rc1 Qd7 31.Rb1  1/2-1/2

[Event "Moscow-A"]
[Site "Moscow"]
[Date "1989.??.??"]
[Round "?"]
[White "Geller, Efim P"]
[Black "Gruenberg, Hans Ulrich"]
[Result "1/2-1/2"]
[WhiteElo "2480"]
[BlackElo "2475"]

1.Nf3 Nf6 2.c4 c6 3.d4 d5 4.Nc3 dxc4 5.a4 Bf5 6.e3 e6 7.Bxc4 Bb4 8.O-O Nbd7
9.Qe2 Bg6 10.e4 Bxc3 11.bxc3 Nxe4 12.Ba3 Qc7 13.Rfc1 O-O-O 14.a5 Rhe8 15.Qb2 Nd6
16.Bf1 e5 17.c4 c5 18.dxc5 Nxc5 19.Nxe5 Be4 20.Ng4 Nf5 21.f3 Nd3 22.Qc3 Nxc1
23.fxe4 Rxe4 24.Bxc1 Rxg4 25.Qf3 Qc5+ 26.Kh1 Rdd4 27.Ba3 Qe5 28.a6 Qe4 29.axb7+ Kb8
30.Bc5 Qxf3 31.gxf3 Rgf4 32.Rb1 Rd8 33.Bh3 Rxc4 34.Bf2 g6 35.Ra1 Kxb7 36.Rxa7+ Kc6
37.Bxf5 gxf5 38.Rxf7 Rd2 39.Bg1 Rd1 40.Rxf5 Rcc1 41.Rg5 Kd6 42.h3 Rb1 43.Kh2 Rb2+
44.Kh1 Ke6 45.Rg2 Rb3 46.Kh2 Rxf3 47.Rf2 Rxf2+ 48.Bxf2 Kf5 49.Bg3 Rd2+ 50.Kh1 Ke4
51.Kg1 Kf3 52.Bb8 Rg2+ 53.Kh1 Rg6 54.Kh2 Rc6 55.Kh1  1/2-1/2

[Event "New York op"]
[Site "New York"]
[Date "1989.??.??"]
[Round "5"]
[White "Gomez Esteban, Juan Mario"]
[Black "Carleson, Caspar"]
[Result "0-1"]
[WhiteElo "2460"]
[BlackElo "2355"]

1.d4 d5 2.c4 c6 3.Nc3 Nf6 4.Nf3 dxc4 5.a4 Bf5 6.e3 e6 7.Bxc4 Bb4 8.O-O Nbd7
9.Nh4 Bg4 10.f3 Bh5 11.g4 Bg6 12.e4 O-O 13.g5 Ne8 14.Nxg6 hxg6 15.Be3 Qa5
16.Na2 Be7 17.b4 Bxb4 18.Nxb4 Qxb4 19.Bd3 Qa5 20.Qb3 Rb8 21.Rfd1 e5 22.Bc4 exd4
23.Rxd4 Nc5 24.Qa3 Ne6 25.Rd7 Nxg5 26.f4 Nf6 27.Re7 Ngxe4 28.Bxf7+ Rxf7  0-1

[Event "Nuremberg op"]
[Site "Nuremberg"]
[Date "1989.??.??"]
[Round "?"]
[White "Gerstner, Wolfgang"]
[Black "Molnar, Bela"]
[Result "1/2-1/2"]
[WhiteElo "2365"]
[BlackElo "2245"]

1.d4 d5 2.c4 c6 3.Nf3 Nf6 4.Nc3 dxc4 5.a4 Bf5 6.Ne5 e6 7.f3 Bb4 8.e4 Bxe4
9.fxe4 Nxe4 10.Bd2 Qxd4 11.Nxe4 Qxe4+ 12.Qe2 Qh4+ 13.g3 Bxd2+ 14.Kxd2 Qe7
15.Nxc4 O-O 16.Kc2 Na6 17.Bg2 Nb4+ 18.Kb1 Nd5 19.Ra3 Rad8 20.Rd1 Qc5 21.a5 Rfe8  1/2-1/2

[Event "Ostend op"]
[Site "Ostend"]
[Date "1989.??.??"]
[Round "8"]
[White "Kohlweyer, Bernd"]
[Black "Pergericht, Daniel"]
[Result "0-1"]
[WhiteElo "2420"]
[BlackElo "2325"]

1.d4 d5 2.Nf3 Nf6 3.c4 c6 4.Nc3 dxc4 5.a4 Bf5 6.Ne5 e6 7.f3 Bb4 8.Bg5 h6
9.Bh4 c5 10.dxc5 Qa5 11.Qd4 Bxc5 12.Qxc4 O-O 13.e4 Bh7 14.Nd3 Be7 15.Be2 Nc6
16.O-O Nxe4 17.Bxe7 Nxc3 18.Bxf8 Nxe2+ 19.Kh1 Rxf8 20.Nc5 Qb4 21.Qxe2 Qxc5
22.Rfc1 Qd5 23.Qb5 Nd4 24.Qxd5 exd5 25.Rc7 Rb8 26.Rd7 Nc2 27.Rd1 Nb4 28.a5 Bf5
29.Rc7 Be6 30.Kg1 a6 31.Rc5 Kf8  0-1

[Event "World op 5'"]
[Site "Philadelphia"]
[Date "1989.??.??"]
[Round "?"]
[White "Browne, Walter S"]
[Black "Chernin, Alexander"]
[Result "1-0"]
[WhiteElo "2535"]
[BlackElo "2580"]

1.d4 d5 2.c4 c6 3.Nc3 Nf6 4.Nf3 dxc4 5.a4 Bf5 6.e3 e6 7.Bxc4 Bb4 8.O-O Nbd7
9.Qb3 Qb6 10.Na2 Bd6 11.Bd2 Qxb3 12.Bxb3 a5 13.Ne1 e5 14.dxe5 Bxe5 15.Bc3 Bxc3
16.Nxc3 Nc5 17.Bc4 Ke7 18.f3 Rhd8 19.e4 Be6 20.Bxe6 fxe6 21.Rf2 Nfd7 22.Rb1 Ne5
23.Rc2 Nb3 24.Ne2 Rd7 25.Kf2 Rad8 26.Rc3 Nd4 27.Rd1 Nxe2 28.Rxd7+ Nxd7 29.Kxe2 Ra8
30.Nd3 Rc8 31.Ke3 b6 32.b3 c5 33.Nb2 Nb8 34.Nc4 Rc6 35.Rd3 Na6 36.e5 Nb4
37.Rd6 Nd5+ 38.Ke4 Rxd6 39.exd6+ Kf6 40.g4 g5 41.Ne5 Nc3+ 42.Kd3 Nd5 43.Kc4 Nb4
44.Kb5 Nd5 45.Nd7+ Kf7 46.Nxb6 Nb4 47.Kxc5  1-0

[Event "Bohemians"]
[Site "Prague"]
[Date "1989.??.??"]
[Round "?"]
[White "Schmidt, Wlodzimierz"]
[Black "Pekarek, Ales"]
[Result "1/2-1/2"]
[WhiteElo "2460"]
[BlackElo "2465"]

1.Nf3 d5 2.d4 c6 3.c4 Nf6 4.Nc3 dxc4 5.a4 Bf5 6.Ne5 e6 7.f3 Bb4 8.e4 Bxe4
9.fxe4 Nxe4 10.Bd2 Qxd4 11.Nxe4 Qxe4+ 12.Qe2 Bxd2+ 13.Kxd2 Qd5+ 14.Kc2 Na6
15.Nxc4 O-O-O 16.Qe5 f6 17.Qe3 Nc5 18.Be2 Qf5+ 19.Kc3 Rd5 20.Rhf1 Qg6 21.Rfd1 Rhd8
22.Rxd5 Ne4+ 23.Kb4 exd5 24.Qxa7 dxc4 25.Qa8+ Kc7 26.Qa5+ Kc8 27.Qa8+  1/2-1/2

[Event "CSR-ch int"]
[Site "Prague"]
[Date "1989.??.??"]
[Round "1"]
[White "Stohl, Igor"]
[Black "Haba, Petr"]
[Result "1-0"]
[WhiteElo "2455"]
[BlackElo "2480"]

1.d4 d5 2.c4 c6 3.Nc3 Nf6 4.Nf3 dxc4 5.a4 Bf5 6.Ne5 e6 7.f3 Bb4 8.e4 Bxe4
9.fxe4 Nxe4 10.Bd2 Qxd4 11.Nxe4 Qxe4+ 12.Qe2 Bxd2+ 13.Kxd2 Qd5+ 14.Kc2 Na6
15.Nxc4 O-O-O 16.Qe5 f6 17.Qe3 Nc5 18.b4 Nxa4 19.Be2 Nb6 20.Nxb6+ axb6 21.Rhd1 Qf5+
22.Bd3 Qe5 23.Qxb6  1-0

[Event "CSR-ch int"]
[Site "Prague"]
[Date "1989.??.??"]
[Round "2"]
[White "Ftacnik, Lubomir"]
[Black "Conquest, Stuart"]
[Result "1/2-1/2"]
[WhiteElo "2550"]
[BlackElo "2490"]

1.d4 d5 2.c4 c6 3.Nf3 Nf6 4.Nc3 dxc4 5.a4 Bf5 6.Ne5 e6 7.f3 Bb4 8.e4 Bxe4
9.fxe4 Nxe4 10.Bd2 Qxd4 11.Nxe4 Qxe4+ 12.Qe2 Bxd2+ 13.Kxd2 Qd5+ 14.Kc2 Na6
15.Nxc4 O-O 16.Qe5 Nb4+ 17.Kc3 b5 18.axb5 cxb5 19.Kxb4 bxc4 20.Qxd5 exd5
21.Kc5 Rab8 22.Kxd5 Rxb2 23.Kxc4 Rc8+ 24.Kd4 Rc7 25.h4 h5 26.Rh3 Rb4+ 27.Ke3 Re7+
28.Kf2 Ree4 29.Rf3 Rxh4 30.g3 Rh2+ 31.Kg1 Rhb2 32.Rxa7 Rb7 33.Ra8+ Rb8 34.Ra5 g6
35.Bc4 R8b7 36.Ra6 Rb1+ 37.Kf2 R1b2+ 38.Ke3 Re7+ 39.Kd3 Kg7 40.Raf6 Rbb7
41.Kd4  1/2-1/2

[Event "CSR-ch int"]
[Site "Prague"]
[Date "1989.??.??"]
[Round "8"]
[White "Ftacnik, Lubomir"]
[Black "Meduna, Eduard"]
[Result "1/2-1/2"]
[WhiteElo "2550"]
[BlackElo "2485"]

1.d4 c6 2.c4 d5 3.Nf3 Nf6 4.Nc3 dxc4 5.a4 Bf5 6.Ne5 Nbd7 7.Nxc4 Nb6 8.Ne5 e6
9.e3 Bb4 10.Nd3 Be7 11.f3 Bg6 12.Be2 O-O 13.O-O Bxd3 14.Bxd3 c5 15.dxc5 Bxc5
16.Kh1 Nbd5 17.Nxd5 exd5 18.e4 dxe4 19.fxe4 Qd4 20.Qf3 Rad8 21.Bc2 Qc4 22.e5 Ng4
23.Bb3 Qxf1+ 24.Qxf1 Nf2+ 25.Kg1  1/2-1/2

[Event "Santiago zt"]
[Site "Santiago"]
[Date "1989.??.??"]
[Round "3"]
[White "Gamarra Caceres, Carlos"]
[Black "Gomez Baillo, Jorge H"]
[Result "0-1"]
[WhiteElo "2280"]
[BlackElo "2445"]

1.d4 d5 2.c4 c6 3.Nf3 Nf6 4.Nc3 dxc4 5.a4 Bf5 6.Ne5 e6 7.f3 Bb4 8.e4 Bxe4
9.fxe4 Nxe4 10.Bd2 Qxd4 11.Nxe4 Qxe4+ 12.Qe2 Bxd2+ 13.Kxd2 Qd5+ 14.Kc2 Na6
15.Nxc4 O-O 16.Qe5 Rfd8 17.Be2 f6 18.Qxd5 cxd5 19.Na5 Rdc8+ 20.Kb1 Nb4 21.Ra3 b6
22.Nb3 Nc2 23.Ra2 Nb4 24.Ra3 Nc2 25.Ra2 a5 26.Rc1 Ne3 27.Nd4 Rxc1+ 28.Kxc1 e5
29.Nc6 Kf7 30.g3 Rc8 31.Kd2 d4 32.Bb5 Ke6 33.Ra1 Kd6 34.Rc1 Ng4 35.Be2 Nf2
36.Na7 Rxc1 37.Kxc1 e4 38.Kd2 f5 39.h4 Nh1 40.g4 f4 41.Nc8+ Kc5 42.Ne7 f3
43.Bb5 e3+ 44.Kd1 Nf2+ 45.Kc2 Nxg4 46.Nf5 g6 47.Ng3 Kd5 48.Bd3 Ke5 49.h5 Kf4
50.hxg6 hxg6 51.Ne4 Nf2 52.Nf6 Nxd3 53.Kxd3 f2 54.Ke2 d3+ 55.Kf1 Kf3  0-1

[Event "Sevilla op"]
[Site "Sevilla"]
[Date "1989.??.??"]
[Round "?"]
[White "Veingold, Aleksandr"]
[Black "Kinsman, Andrew PH"]
[Result "1-0"]
[WhiteElo "2435"]
[BlackElo "2330"]

1.d4 d5 2.Nf3 Nf6 3.c4 c6 4.Nc3 dxc4 5.a4 Bf5 6.Nh4 Bc8 7.Nf3 Bf5 8.e3 e6
9.Bxc4 Bb4 10.O-O Nbd7 11.Qb3 a5 12.h3 O-O 13.Nh4 Bg6 14.Nxg6 hxg6 15.Na2 Bd6
16.Qxb7 Qe7 17.Qxc6 Rac8 18.Qb5 g5 19.Be2 e5 20.Nc3 Bb4 21.Bd2 Rfd8 22.Rad1 Rb8
23.Qd3 Nb6 24.Qc2 Rbc8 25.Rfe1 g6 26.Qb3 Kg7 27.Nb5 Bxd2 28.Rxd2 g4 29.Nc3 Qb4
30.Qxb4 axb4 31.Nb1 Ne4 32.Rd3 gxh3 33.a5 Nc4 34.gxh3 Nxa5 35.dxe5 Nc6 36.Rxd8 Nxd8
37.Bd3 Ng5 38.Kg2 Nge6 39.Nd2 Nc6 40.Rc1 Rd8 41.Rxc6 Rxd3 42.Nc4 g5 43.Rd6 Nc5
44.Kf3  1-0

[Event "SWE-ch"]
[Site "?"]
[Date "1989.??.??"]
[Round "?"]
[White "Akesson, Ralf"]
[Black "Wiedenkeller, Michael"]
[Result "1-0"]
[WhiteElo "2445"]
[BlackElo "2430"]

1.Nf3 d5 2.d4 Nf6 3.c4 c6 4.Nc3 dxc4 5.a4 Bf5 6.e3 e6 7.Bxc4 Bb4 8.O-O O-O
9.Nh4 Bg4 10.f3 Nd5 11.Qe1 Be7 12.fxg4 Bxh4 13.Qe2 a5 14.Bd2 Na6 15.Rf3 Nb6
16.Bb3 c5 17.Qb5 cxd4 18.exd4 Bf6 19.Ne2 Qd6 20.Rxf6 gxf6 21.Qh5 Rfc8 22.Rf1 Nd7
23.Rf3 Nb4 24.g5 f5 25.Rh3 Kf8 26.Qxh7 Ke7 27.g6 Rf8 28.Bg5+ Nf6 29.Bxf6+ Kxf6
30.g7  1-0

[Event "SWE-ch"]
[Site "?"]
[Date "1989.??.??"]
[Round "?"]
[White "Sjodahl, Pontus"]
[Black "Renman, Nils Gustaf"]
[Result "0-1"]
[WhiteElo "2240"]
[BlackElo "2410"]

1.d4 d5 2.c4 c6 3.Nc3 Nf6 4.Nf3 dxc4 5.a4 Bf5 6.e3 e6 7.Bxc4 Bb4 8.O-O Nbd7
9.Qe2 Bg6 10.e4 Bxc3 11.bxc3 Nxe4 12.Ba3 Qc7 13.Rfc1 O-O-O 14.a5 Rhe8 15.Bd3 Nd6
16.Bxg6 hxg6 17.c4 Nf5 18.a6 b6 19.c5 b5 20.Bb4 Rh8 21.g3 Rdf8 22.Ba5 Qb8
23.Rab1 Rh5 24.Qe4 Ne7 25.Nd2 Nf6 26.Qf3 Nfd5 27.Nc4 Nf5 28.Ne5 Nxd4  0-1

[Event "SWE-ch"]
[Site "?"]
[Date "1989.??.??"]
[Round "?"]
[White "Sandstrom, Ludvig"]
[Black "Renman, Nils Gustaf"]
[Result "1/2-1/2"]
[WhiteElo "2320"]
[BlackElo "2410"]

1.d4 d5 2.c4 c6 3.Nf3 Nf6 4.Nc3 dxc4 5.a4 Bf5 6.Ne5 e6 7.f3 Bb4 8.e4 Bg6
9.Bxc4 O-O 10.O-O Nbd7 11.Nxd7 Nxd7 12.Be3 a5 13.Na2 Bd6 14.Qe2 Qh4 15.g3 Qe7
16.Nc3 e5 17.d5 Kh8 18.g4 Bc5 19.Rad1 Rfd8 20.Rd2 Nb6 21.Ba2 cxd5 22.Bxd5 f6
23.Rfd1 Nxd5 24.Nxd5 Qf8 25.Kg2 Bf7 26.Bxc5 Qxc5 27.Rc2 Qd6 28.Qb5 Be8 29.Qc4 Bc6
30.Rcd2 h6 31.Kg3 Qf8 32.Ne3 Rxd2 33.Rxd2 Rd8 34.Rxd8 Qxd8 35.Nd5 Qe8 36.b3 h5
37.h3 hxg4 38.hxg4 Qf8 39.Qc3 Qd8 40.Qc5 Kh7 41.Qb6 Qd6 42.Qxa5 Bxd5 43.Qxd5 Qb4
44.Kf2 Qc3 45.Qd1 Kg6 46.Ke2 Qb2+ 47.Kd3 Qd4+ 48.Kc2 Qc5+ 49.Kd3 Qd4+ 50.Ke2 Qb2+
51.Ke3 Qc3+ 52.Kf2 Qb2+ 53.Kg3 Qc3 54.Qh1 Kf7 55.Qb1 Ke7 56.Qd1 g5 57.Kg2 Qb2+  1/2-1/2

[Event "SWE-ch"]
[Site "?"]
[Date "1989.??.??"]
[Round "?"]
[White "Ornstein, Axel"]
[Black "Wiedenkeller, Michael"]
[Result "1-0"]
[WhiteElo "2460"]
[BlackElo "2430"]

1.d4 d5 2.c4 c6 3.Nc3 Nf6 4.Nf3 dxc4 5.a4 Bf5 6.Ne5 e6 7.f3 Bb4 8.e4 Bxe4
9.fxe4 Nxe4 10.Bd2 Qxd4 11.Nxe4 Qxe4+ 12.Qe2 Bxd2+ 13.Kxd2 Qd5+ 14.Kc2 Na6
15.Nxc4 O-O 16.Qe5 Rfd8 17.Be2 f6 18.Qe3 Qf5+ 19.Kc3 Nc7 20.Kb3 Nd5 21.Qf3 Qxf3+
22.Bxf3 Kf7 23.h4 Ne7 24.Rad1 Nf5 25.Kc3 e5 26.Na5 Rxd1 27.Rxd1 Nxh4 28.Be4 Ke6
29.Nxb7 f5 30.g3 fxe4 31.gxh4 e3 32.Nc5+ Kf5 33.Rd7 g6 34.Kd3 h6 35.Kxe3 g5
36.hxg5 hxg5 37.Rf7+ Kg6 38.Rc7 Kf5 39.Rf7+ Kg6 40.Rf2 Rd8 41.Nd3 Rd5 42.Rc2 Kf5
43.Rxc6 Rd4 44.Ra6 Re4+ 45.Kd2 g4 46.Rxa7 g3 47.Rf7+ Kg4 48.a5 Kh3 49.Rh7+ Kg2
50.b4 Rd4 51.Ke3  1-0

[Event "Tarrassa"]
[Site "Tarrassa"]
[Date "1989.??.??"]
[Round "?"]
[White "Cramling, Pia"]
[Black "Romero Holmes, Alfonso"]
[Result "1-0"]
[WhiteElo "2480"]
[BlackElo "2445"]

1.d4 d5 2.Nf3 Nf6 3.c4 c6 4.Nc3 dxc4 5.a4 Bf5 6.Nh4 Bc8 7.Nf3 Bf5 8.Nh4 e6
9.Nxf5 exf5 10.e3 Bd6 11.Bxc4 O-O 12.Qf3 Qd7 13.Bd3 g6 14.h3 c5 15.Bb5 Qe7
16.O-O a6 17.Bc4 Nc6 18.Rd1 Rfe8 19.b3 Rad8 20.Bb2 cxd4 21.exd4 Bb8 22.Ne2 Ne4
23.g3 Na5 24.Nc3 Ng5 25.Qg2 Nxc4 26.bxc4 Qb4 27.Rab1 Qxc4 28.Qxb7 Nxh3+ 29.Kg2 Ng5
30.Rbc1 Qe6 31.Re1 Ne4 32.d5 Qd7 33.Qxd7 Rxd7 34.Rxe4 fxe4 35.Nxe4 Rd6 36.Nxd6 Bxd6
37.Rc6 Be5 38.Bxe5 Rxe5 39.d6 Kf8 40.Rc8+ Kg7 41.d7  1-0

[Event "Tuzla"]
[Site "Tuzla"]
[Date "1989.??.??"]
[Round "9"]
[White "Novikov, Igor A"]
[Black "Rosic, Slavko"]
[Result "1-0"]
[WhiteElo "2490"]
[BlackElo "2280"]

1.d4 Nf6 2.c4 c6 3.Nc3 d5 4.Nf3 dxc4 5.a4 Bf5 6.Ne5 e6 7.f3 Bb4 8.e4 Bxe4
9.fxe4 Nxe4 10.Bd2 Qxd4 11.Nxe4 Qxe4+ 12.Qe2 Bxd2+ 13.Kxd2 Qd5+ 14.Kc2 Na6
15.Nxc4 O-O 16.Qe5 Rac8 17.Be2 f6 18.Qe3 b5 19.Rad1 Qf5+ 20.Bd3 Qg4 21.Nd6 Rb8
22.Kb1 Nb4 23.h3 Qxg2 24.Rhg1 Qf2 25.Qxe6+ Kh8 26.Nf7+  1-0

[Event "Tuzla"]
[Site "Tuzla"]
[Date "1989.??.??"]
[Round "11"]
[White "Vasiljevic, Bozidar"]
[Black "Rosic, Slavko"]
[Result "1/2-1/2"]
[WhiteElo "2225"]
[BlackElo "2280"]

1.d4 d5 2.Nf3 Nf6 3.c4 c6 4.Nc3 dxc4 5.a4 Bf5 6.e3 e6 7.Bxc4 Be7 8.O-O Nbd7
9.Qe2 Nb6 10.Bd3 Ne4  1/2-1/2

[Event "Uzes op"]
[Site "Uzes"]
[Date "1989.??.??"]
[Round "2"]
[White "Dezaele, Christophe"]
[Black "Astolfi, Frederic"]
[Result "0-1"]
[WhiteElo "1840"]
[BlackElo "2140"]

1.Nf3 d5 2.d4 Nf6 3.c4 c6 4.Nc3 dxc4 5.a4 Bf5 6.Ne5 e6 7.f3 c5 8.e4 cxd4
9.exf5 Nc6 10.Nxc6 bxc6 11.fxe6 fxe6 12.Bxc4 dxc3 13.Qxd8+ Rxd8 14.Bxe6 Bc5
15.bxc3 Ke7 16.Bc4 Rhe8 17.Ra2 Kd6+ 18.Re2 Nd5 19.Bxd5 Kxd5 20.Rxe8 Rxe8+
21.Kd1 Kc4 22.Bd2 Kd3 23.Re1 Rb8 24.Kc1 Ba3+  0-1

[Event "Val Maubuee op"]
[Site "Val Maubuee"]
[Date "1989.??.??"]
[Round "?"]
[White "Trommsdorf, Fro"]
[Black "Bardel, Stephan"]
[Result "0-1"]
[WhiteElo "2110"]
[BlackElo "1990"]

1.d4 Nf6 2.Nf3 d5 3.c4 c6 4.Nc3 dxc4 5.a4 Bf5 6.g3 Na6 7.Bg5 Ne4 8.Bd2 e6
9.Bg2 Be7 10.Rc1 Qb6 11.O-O Qxb2 12.Rb1 Nxc3 13.Rxb2 Nxd1 14.Rxd1 O-O-O 15.Ba5 Rd5
16.Bc3 Be4 17.Ne5 Bxg2 18.Kxg2 Nc5 19.Rdb1 Nxa4 20.Rxb7 Rb5 21.R1xb5 cxb5
22.Rxe7 Nxc3 23.Rxa7 Rd8 24.Rxf7 Nxe2 25.Rxg7 c3 26.Nd3 Rxd4 27.Ne1 b4 28.Rg5 Rd5
29.Rg4 Nd4 30.Nd3 b3 31.Rg8+ Rd8 32.Rg5 b2 33.Rc5+ Kb8  0-1

[Event "Val Maubuee op"]
[Site "Val Maubuee"]
[Date "1989.??.??"]
[Round "?"]
[White "Birens, Eric Andre"]
[Black "Dauris, J."]
[Result "1-0"]
[WhiteElo "2000"]
[BlackElo "1880"]

1.d4 Nf6 2.c4 d5 3.Nc3 c6 4.Nf3 dxc4 5.a4 Bf5 6.Ne5 Nbd7 7.Nxc4 e6 8.Bf4 Nb6
9.e3 Bb4 10.Nxb6 Qxb6 11.Bd3 Bxd3 12.Qxd3 Nd5 13.Bg3 Qa5 14.O-O Nxc3 15.bxc3 Bxc3
16.Rab1 Rd8 17.Rxb7 e5 18.Rc1 Bxd4 19.exd4 Rxd4 20.Qf3 O-O 21.Qxc6 Rfd8 22.h4 h5
23.Qf3 Rf8 24.Qxh5 Qxa4 25.Qxe5 Re4 26.Qc7 a6 27.Bd6 Qd4 28.Bxf8 Rf4 29.Bc5 Qf6
30.Rb8+ Kh7 31.Qc8 Rxh4 32.Qg8+ Kg6 33.Rb6 Kf5 34.Rxf6+ gxf6 35.Qxf7  1-0

[Event "Vosu op"]
[Site "Vosu"]
[Date "1989.??.??"]
[Round "?"]
[White "Thang, H."]
[Black "Tonts, K."]
[Result "1-0"]
[WhiteElo "2200"]
[BlackElo "2235"]

1.d4 d5 2.c4 c6 3.Nc3 Nf6 4.Nf3 dxc4 5.a4 Bf5 6.Ne5 e6 7.f3 Bb4 8.h4 h5 9.e4 Bh7
10.Bxc4 Nbd7 11.Nxd7 Nxd7 12.Be3 Qc7 13.O-O Be7 14.Qe1 Nf6 15.Rc1 Qd8 16.Qf2 O-O
17.Rfd1 Rc8 18.g3 a6 19.Kg2 b5 20.Bb3 Qe8 21.Ne2 c5 22.dxc5 bxa4 23.Bc4 Ra8
24.Bf4 Kh8 25.Bd6 e5 26.Nc3 Bxd6 27.Rxd6 Qc8 28.Rcd1 Ne8 29.Rb6 f5 30.Be6 Qc7
31.Rd7 fxe4 32.Rxc7 exf3+ 33.Qxf3 Rxf3 34.Bd5 Nxc7 35.Bxf3 Rc8 36.Bxh5 Bf5
37.Bf3 Ne6 38.g4 Nf4+ 39.Kg3 Bd3 40.c6 Ne6 41.Bd5 Nc5 42.Rb7 a3 43.bxa3 Nxb7
44.cxb7 Rb8 45.Na4 Bc4 46.Bg2  1-0

[Event "Vosu op"]
[Site "Vosu"]
[Date "1989.??.??"]
[Round "?"]
[White "Aldoja, A."]
[Black "Mitov, Borislav"]
[Result "1/2-1/2"]
[WhiteElo "2070"]
[BlackElo "2235"]

1.d4 d5 2.c4 c6 3.Nf3 Nf6 4.Nc3 dxc4 5.a4 Bf5 6.e3 e6 7.Bxc4 Bb4 8.Qb3 Qe7
9.O-O a5 10.Bd2 Nbd7 11.Rfe1 O-O 12.e4 Bg6 13.e5 Nd5 14.Bg5 Qe8 15.Nd2 N7b6
16.Nde4 Nxc4 17.Qxc4 Qb8 18.Qe2 Qa7 19.Qg4 Kh8 20.Rad1 Qa6 21.Nc5 Qa7 22.N5e4 Qa6
23.Nc5 Qa7 24.N5e4 Qa6  1/2-1/2